000 01034nam0a22002771 4500
001 rc\4830190
005 20260406073119.0
021 _aRU
_b[61-563]
035 _a(NLR Aleph) 008805055
090 _a8126129
_c8126129
100 _a20130426d1960 |||y0rusy50 ca
101 1 _arus
_ctuk
102 _aRU
105 _aa z |||a|
200 1 _aСам копай, сам сажай - сладок будет урожай
_e[Стихи
_eДля дошкольного возраста
_fПер. с туркм. Я. Акима
_gИл.: Н. Кнорринг]
210 _aМосква
_cДетгиз
_d1960
215 _a[17] с.
_cил.
_d27
700 1 _7ca
_8rus
_aТангрыкулиев
_bК.
_f1930-2014
_gКаюм
_920224
_3RU\NLR\AUTH\7737235
702 1 _aКнорринг
_bН.
_4440
702 1 _4730
_7ca
_8rus
_aАким
_bЯ. Л.
_f1923-2013
_gЯков Лазаревич
_914165
_3RU\NLR\AUTH\7731154
801 0 _aRU
_bNLR
_gpsbo
801 1 _aRU
_bELAR
_2rusmarc
852 _aNLR
_j61-8/47
942 _cBOOK
980 _aNB